00607 a2200241 4500240002800000260001000028630002500038037001300063650002800076100001800104260003200122260003200154245003200186300001100218650002400229260000900253300000900262100000700271440004500278037001200323037001200335020001800347 aLe jeu de la vérité aParis a657 - Comptabilité b2, Achat a6 - SCIENCES APPLIQUEES aLochard, Jean bLes Editions d'Organisation bEditions Pierre Dubois S.A. aLe contrôle budgétaire  a160 p. aBudget : contrôle c1986 b27cm lFr aCollection IFG Systèmes Pédagogiques aDe 6878 aDe 6877 a2-903380-16-3